Manual de contratos (Registro nro. 1892)
[ vista simple ]
| 000 -LEADER | |
|---|---|
| fixed length control field | 01028 a2200217 4500 |
| 001 - CONTROL NUMBER | |
| control field | 29568 |
| 005 - DATE AND TIME OF LATEST TRANSACTION | |
| control field | 20260407155605.0 |
| 008 - FIXED-LENGTH DATA ELEMENTS--GENERAL INFORMATION | |
| fixed length control field | 260407a1969 arg spa d |
| 003 - CONTROL NUMBER IDENTIFIER | |
| control field | AR-UNSa-BCEJYS |
| 040 ## - CATALOGING SOURCE | |
| Original cataloging agency | AR-UNSa-BCEJYS |
| Language of cataloging | spa |
| Transcribing agency | AR-UNSa-BCEJYS |
| 080 ## - UNIVERSAL DECIMAL CLASSIFICATION NUMBER | |
| Universal Decimal Classification number | 347.44 |
| Common auxiliary subdivision | Contratos en general. Obligaciones |
| 041 ## - LANGUAGE CODE | |
| Language code of text/sound track or separate title | spa |
| 100 1# - MAIN ENTRY--PERSONAL NAME | |
| Personal name | Borda, Guillermo A. |
| 245 10 - TITLE STATEMENT | |
| Title | Manual de contratos |
| 250 ## - EDITION STATEMENT | |
| Edition statement | 4a. ed. |
| 264 #1 - PRODUCTION, PUBLICATION, DISTRIBUTION, MANUFACTURE, AND COPYRIGHT NOTICE | |
| Place of production, publication, distribution, manufacture | Buenos Aires : |
| Name of producer, publisher, distributor, manufacturer | Perrot |
| Date of production, publication, distribution, manufacture, or copyright notice | 1969 |
| 300 ## - PHYSICAL DESCRIPTION | |
| Extent | 962 p. |
| Dimensions | 23 cm. |
| 505 ## - FORMATTED CONTENTS NOTE | |
| Formatted contents note | 1. Nociones Generales - 2. El consentimiento en los contratos - 3. Elementos de los contratos - 4. Efectos de los contratos - 5. Resolución y extinción de los contratos - 6. Compraventa y permuta - 7. Cesión de derechos - 8. Locación de cosas - 9. Contrato de trabajo - 10. Locación de obra - 11. Sociedad - 12. Donación - 13. Mandato - 14. Gestión de negocios ajenos sin mandato - 15. Fianza - 17. Contratos aleatorios - 18. Préstamos - 19. Evicción |
| 590 ## - LOCAL NOTE (RLIN) | |
| Local note | niveau_biblio:m niveau_hierar:0 |
| 942 ## - ADDED ENTRY ELEMENTS (KOHA) | |
| Koha item type | |
| Withdrawn status | Lost status | Damaged status | Not for loan | Home library | Current library | Shelving location | Date acquired | Total checkouts | Full call number | Barcode | Date last seen | Price effective from | Koha item type | Public note |
|---|---|---|---|---|---|---|---|---|---|---|---|---|---|---|
| Biblioteca Prof. Eusebio Cleto del Rey | Biblioteca Prof. Eusebio Cleto del Rey | 07/04/2026 | 347.44 B727 4ed. | L22862 | 07/04/2026 | 07/04/2026 | Libro | PÁG 57 RPTA EN PARTE CENTRAL - DE INICIO A PÁG 50 Y PÁGINA 163 ROTAS EN ESQUINA SUPERIOR - DESDE PÁG 139 A 174 MARCADAS - TAPA SEMIDESPEGADA | ||||||
| Biblioteca Prof. Eusebio Cleto del Rey | Biblioteca Prof. Eusebio Cleto del Rey | 07/04/2026 | 347.44 B727 4ed. | L23634 | 07/04/2026 | 07/04/2026 | Libro | LÁPIZ - LAPICERA - MANCHAS EN 1° PÁGINA Y DESDE PÁG 13 A 20 | ||||||
| Biblioteca Prof. Eusebio Cleto del Rey | Biblioteca Prof. Eusebio Cleto del Rey | 07/04/2026 | 347.44 B727 4ed. | L23635 | 07/04/2026 | 07/04/2026 | Libro | LÁPIZ - PENÚLTIMA PÁG ROTA - PÁG 8 A 14 MANCHADAS |